When the Blues Won't Go Away: New Approaches to Dysthymic Disorder and Other Forms of Chronic Low-Grade Depression / (Record no. 616776)

000 -LEADER
fixed length control field 00469nam a22001337a 4500
020 ## - INTERNATIONAL STANDARD BOOK NUMBER
Qualifying information HB.
040 ## - CATALOGING SOURCE
Transcribing agency Fizza Ishaq
082 ## - DEWEY DECIMAL CLASSIFICATION NUMBER
Classification number 616.8527
Author Mark ROB
100 ## - MAIN ENTRY--PERSONAL NAME
Personal name M. D, Hirschfield Robert.
9 (RLIN) 133808
245 ## - TITLE STATEMENT
Title When the Blues Won't Go Away: New Approaches to Dysthymic Disorder and Other Forms of Chronic Low-Grade Depression /
Statement of responsibility, etc. Robert Hirschfield M. D.
260 ## - PUBLICATION, DISTRIBUTION, ETC.
Place of publication, distribution, etc. New York;
Name of publisher, distributor, etc. Macmillan Pub Co,
Date of publication, distribution, etc. 1991.
300 ## - PHYSICAL DESCRIPTION
Extent 195 p. ;
Dimensions 6.5 x 1 x 9.5 inches
942 ## - ADDED ENTRY ELEMENTS (KOHA)
Source of classification or shelving scheme
Koha item type Book
Holdings
Withdrawn status Lost status Source of classification or shelving scheme Damaged status Not for loan Permanent Location Current Location Shelving location Date acquired Total Checkouts Full call number Barcode Date last seen Price effective from Koha item type
          NUST Baluchistan Campus (NBC) NUST Baluchistan Campus (NBC) General Stacks 04/01/2026   616.8527 ROB QD-762 04/01/2026 04/01/2026 Book
© 2023 Central Library, National University of Sciences and Technology. All Rights Reserved.